INSURANCE AND RISK MANAGEMENT (Record no. 27253)

MARC details
000 -LEADER
fixed length control field 00381nam a2200145Ia 4500
008 - FIXED-LENGTH DATA ELEMENTS--GENERAL INFORMATION
fixed length control field 240624s9999 xx 000 0 und d
041 ## - LANGUAGE CODE
Language code of text/sound track or separate title eng
082 ## - DEWEY DECIMAL CLASSIFICATION NUMBER
Classification number 368 NIE
100 ## - MAIN ENTRY--PERSONAL NAME
Personal name NIEHAUS GREGORY R
245 ## - TITLE STATEMENT
Title INSURANCE AND RISK MANAGEMENT
260 ## - PUBLICATION, DISTRIBUTION, ETC.
Date of publication, distribution, etc. 2008
Place of publication, distribution, etc. United Kingdom
Name of publisher, distributor, etc. Edward Elgar Publishing
300 ## - PHYSICAL DESCRIPTION
Extent xviii, : 497 : p. : cm. ; 24
365 ## - TRADE PRICE
Currency code GBP
Price amount 50
440 ## - SERIES STATEMENT/ADDED ENTRY--TITLE
Volume/sequential designation 2
Holdings
Withdrawn status Lost status Damaged status Not for loan Home library Current library Shelving location Date acquired Source of acquisition Cost, normal purchase price Full call number Barcode Date last seen Copy number Price effective from Koha item type
        IMTN IMTN Rack 16-A 04/25/2016 BKI 296.00 368 NIE 27253 06/24/2024 100.9 06/24/2024 Books
Designed & Maintained by: LRC IMT Nagpur Contact: lrc@imtnag.ac.in© 2024. All Rights Reserved.